| 000 | 00514pab a2200181 454500 | ||
|---|---|---|---|
| 008 | 180718b2004 xxu||||| |||| 00| 0 eng d | ||
| 100 | _aTubergen, Frank Van | ||
| 245 | _aThe economic incorporation of immigrants in 18 western societies: origin, destination, and community effects | ||
| 260 | _c2004 | ||
| 300 | _ap.704-27. | ||
| 362 | _aOct | ||
| 650 | _aLabour market | ||
| 650 | _aImmigrants | ||
| 700 | _aFlap, Henk | ||
| 700 | _aMaas, Ineke | ||
| 773 | _aAmerican Sociological Review | ||
| 909 | _a63883 | ||
| 999 |
_c63883 _d63883 |
||